00713 2200265 4500001002100000005001500021035002500036090001600061245006000077260004200137300002500179008004100204082001200245084001400257100001700271250002700288650001200315650002200327650003800349500001100387040001700398850001200415041000800427990001200435YOGYA00000000004995620180913113616 a0010-081400000049674 aL 330 MEA e1 aThe economic basis of a durable peace /cby J. E. Meade3 aLondon :bGeorge Allen & Unwin,c1942 a192 halaman ;c19 cm180913 g 0 eng 04223a330 a330 MEA e1 aMeade, J. E. aSecond Impression 1942 4aEkonomi 4aKebijakan Ekonomi 4aKerjasama Internasional - Ekonomi aindeks aYOPDYOGbind aYOPDYOG0 aeng a50972-b